[Event "Baden-ch"]
[Site "Waldshut Tiengen"]
[Date "2014.06.21"]
[Round "9"]
[White "Baeuschlein, Andreas"]
[Black "Wind, Lutz"]
[Result "0-1"]
[WhiteElo "2047"]
[BlackElo "2155"]
[PlyCount "76"]
[EventDate "2014.06.14"]
[EventType "tourn"]
[EventRounds "9"]
[EventCountry "GER"]
[SourceTitle "CBM 160 Extra"]
[Source "ChessBase"]
[SourceDate "2014.07.01"]
[SourceVersion "1"]
[SourceVersionDate "2014.07.01"]
[SourceQuality "1"]

1. c4 g6 2. Nc3 Bg7 3. d4 d6 4. e4 a6 5. f4 c6 6. Nf3 b5 7. Be3 b4 8. Nb1 Nd7 9. Nbd2 Bb7 10. Bd3 Qc7 11. 0-0 c5 12. Kh1 cxd4 13. Bxd4 e5 14. Be3 Ngf6 15. fxe5 dxe5 16. c5 0-0 17. Rc1 Bc6 18. Qc2 Qb7 19. Bg1 Nh5 20. g3 f5 21. Ng5 Ndf6 22. Be3 h6 23. Ne6 Rfe8 24. Nxg7 Kxg7 25. Kg1 Nxe4 26. Nc4 Nhf6 27. Bxe4 Nxe4 28. Nd6 Nxd6 29. cxd6 Rad8 30. Qd2 Re6 31. Bc5 a5 32. a3 bxa3 33. bxa3 Qb5 34. a4 Qxa4 35. Rfe1 Qg4 36. Rxe5 Rxe5 37. Bd4 Qe4 38. Bxe5+ Kh7 0-1

[Event "Baden-ch"]
[Site "Waldshut Tiengen"]
[Date "2014.06.21"]
[Round "8"]
[White "Strittmatter, Norbert"]
[Black "Baeuschlein, Andreas"]
[Result "0-1"]
[WhiteElo "2129"]
[BlackElo "2047"]
[PlyCount "53"]
[EventDate "2014.06.14"]
[EventType "tourn"]
[EventRounds "9"]
[EventCountry "GER"]
[SourceTitle "CBM 160 Extra"]
[Source "ChessBase"]
[SourceDate "2014.07.01"]
[SourceVersion "1"]
[SourceVersionDate "2014.07.01"]
[SourceQuality "1"]

1. e4 a6 2. d3 e6 3. Nf3 d5 4. Nbd2 dxe4 5. dxe4 Bc5 6. Bd3 Nc6 7. a3 Nge7 8. 0-0 Ng6 9. Nb3 Be7 10. Be3 b6 11. Qe2 Bb7 12. Rad1 Qc8 13. c4 0-0 14. c5 b5 15. Bb1 Bf6 16. Nbd4 Rb8 17. Rd2 Ba8 18. Nxc6 Bxc6 19. Bd4 Be7 20. h4 Rd8 21. Rfd1 b4 22. g3 Ba4 23. Rc1 bxa3 24. bxa3 Rb3 25. h5 Nf8 26. Rd3 Bb5 27. Qc2 0-1

[Event "Baden-ch"]
[Site "Waldshut Tiengen"]
[Date "2014.06.19"]
[Round "7"]
[White "Baeuschlein, Andreas"]
[Black "Scherer, Max"]
[Result "0-1"]
[WhiteElo "2047"]
[BlackElo "2270"]
[PlyCount "100"]
[EventDate "2014.06.14"]
[EventType "tourn"]
[EventRounds "9"]
[EventCountry "GER"]
[SourceTitle "CBM 160 Extra"]
[Source "ChessBase"]
[SourceDate "2014.07.01"]
[SourceVersion "1"]
[SourceVersionDate "2014.07.01"]
[SourceQuality "1"]

1. d4 b6 2. Nf3 Bb7 3. g3 e6 4. Bg2 f5 5. c4 Nf6 6. 0-0 Qc8 7. a3 Be7 8. Nc3 0-0 9. b4 Nc6 10. Bb2 Nd8 11. Qb3 c5 12. e3 Nf7 13. Rac1 d6 14. Rfd1 Rb8 15. b5 Qc7 16. dxc5 bxc5 17. a4 g5 18. Nb1 g4 19. Ne1 Ng5 20. Nd2 Bxg2 21. Nxg2 Nh3+ 22. Kf1 Qb7 23. Bxf6 Rxf6 24. a5 Bd8 25. Ra1 e5 26. Qd3 Qf7 27. Rdb1 f4 28. gxf4 exf4 29. Ne4 fxe3 30. Nxf6+ Bxf6 31. Ra2 Nxf2 32. Rxf2 exf2 33. Qd5 Qxd5 34. cxd5 Bd8 35. a6 Bb6 36. Kxf2 Rf8+ 37. Kg3 h5 38. Nf4 Rf5 39. Re1 Kf7 40. Re6 Bc7 41. Rh6 Bb6 42. Rxd6 Ke7 43. Rc6 Kd7 44. d6 c4 45. Rxb6 axb6 46. a7 Rf8 47. Nd5 Kxd6 48. Nxb6 c3 49. Nc4+ Kc5 50. b6 Kc6 0-1

[Event "Baden-ch"]
[Site "Waldshut Tiengen"]
[Date "2014.06.16"]
[Round "4"]
[White "Riehle, Marco"]
[Black "Baeuschlein, Andreas"]
[Result "1-0"]
[WhiteElo "1905"]
[BlackElo "2047"]
[PlyCount "61"]
[EventDate "2014.06.14"]
[EventType "tourn"]
[EventRounds "9"]
[EventCountry "GER"]
[SourceTitle "CBM 160 Extra"]
[Source "ChessBase"]
[SourceDate "2014.07.01"]
[SourceVersion "1"]
[SourceVersionDate "2014.07.01"]
[SourceQuality "1"]

1. e4 c5 2. Nf3 d6 3. d4 cxd4 4. Nxd4 Nf6 5. f3 Nc6 6. c4 g6 7. Be3 Bg7 8. Qd2 0-0 9. Nc3 Bd7 10. Be2 a6 11. 0-0 Rc8 12. Rac1 Nxd4 13. Bxd4 Bc6 14. Rfd1 Nd7 15. Be3 Qc7 16. Bf1 Rfe8 17. b4 b6 18. Qf2 Bb7 19. Na4 Rb8 20. Nxb6 Bc6 21. Nd5 Qb7 22. b5 axb5 23. cxb5 Bxd5 24. exd5 Ra8 25. b6 Nc5 26. Bb5 Qxb6 27. Bxe8 Rxe8 28. Bxc5 dxc5 29. Qxc5 Qb2 30. Rc2 Qf6 31. Qc6 1-0

[Event "Baden-ch"]
[Site "Waldshut Tiengen"]
[Date "2014.06.15"]
[Round "3"]
[White "Kaiser, Elmar"]
[Black "Baeuschlein, Andreas"]
[Result "1-0"]
[WhiteElo "2163"]
[BlackElo "2047"]
[PlyCount "73"]
[EventDate "2014.06.14"]
[EventType "tourn"]
[EventRounds "9"]
[EventCountry "GER"]
[SourceTitle "CBM 160 Extra"]
[Source "ChessBase"]
[SourceDate "2014.07.01"]
[SourceVersion "1"]
[SourceVersionDate "2014.07.01"]
[SourceQuality "1"]

1. e4 c6 2. d4 d5 3. Nc3 dxe4 4. Nxe4 Bf5 5. Ng3 Bg6 6. h4 h6 7. Nf3 Nd7 8. h5 Bh7 9. Bd3 Bxd3 10. Qxd3 e6 11. Bf4 Ngf6 12. 0-0-0 Nd5 13. Bd2 b5 14. Kb1 Be7 15. Ne5 Nxe5 16. dxe5 Qb6 17. Ne4 b4 18. f4 0-0-0 19. Qe2 c5 20. Ka1 Kb7 21. c4 bxc3 22. bxc3 Ka8 23. Rb1 Qc6 24. c4 Nb6 25. Nc3 Nxc4 26. Qxc4 Rxd2 27. Nb5 Rd7 28. Rh3 Rhd8 29. Ra3 Rb8 30. Ra6 Qd5 31. Qa4 Rbb7 32. Qc2 c4 33. a4 Bc5 34. Rc1 c3 35. Rb1 Be3 36. Qxc3 Rxb5 37. Qc8+ 1-0

[Event "Baden-ch"]
[Site "Birkenfeld"]
[Date "2013.06.01"]
[Round "8"]
[White "Baeuschlein, Andreas"]
[Black "Hund, Gerhard"]
[Result "1-0"]
[WhiteElo "2060"]
[BlackElo "2117"]
[PlyCount "79"]
[EventDate "2013.05.26"]
[EventType "swiss"]
[EventRounds "9"]
[EventCountry "GER"]
[SourceTitle "EXT 2014"]
[Source "ChessBase"]
[SourceDate "2013.11.20"]
[SourceVersion "1"]
[SourceVersionDate "2013.11.20"]
[SourceQuality "1"]

1. g3 c5 2. Bg2 Nc6 3. e4 e5 4. Nc3 d6 5. d3 Be7 6. Nd5 Nf6 7. Nxe7 Qxe7 8. Ne2 Be6 9. f4 Bg4 10. h3 Bxe2 11. Qxe2 Rd8 12. 0-0 h6 13. Be3 0-0 14. Qf2 Nd7 15. f5 f6 16. g4 Qf7 17. h4 g5 18. Bf3 Kg7 19. Kg2 Nd4 20. c4 Nb8 21. Rh1 Rh8 22. Rh3 Nbc6 23. Rah1 Qe7 24. a3 a6 25. Kg3 b5 26. cxb5 axb5 27. Qh2 h5 28. hxg5 Nxf3 29. Kxf3 hxg4+ 30. Kxg4 Rxh3 31. Qxh3 Rg8 32. Qh7+ Kf8 33. g6 Qxh7 34. Rxh7 c4 35. dxc4 bxc4 36. Rf7+ Ke8 37. Rxf6 Kd7 38. Rf7+ Kd8 39. Bg5+ Kc8 40. g7 1-0

[Event "Baden-ch"]
[Site "Birkenfeld"]
[Date "2013.05.30"]
[Round "5"]
[White "Ruff, Maximilian"]
[Black "Baeuschlein, Andreas"]
[Result "0-1"]
[WhiteElo "2073"]
[BlackElo "2060"]
[PlyCount "54"]
[EventDate "2013.05.26"]
[EventType "swiss"]
[EventRounds "9"]
[EventCountry "GER"]
[SourceTitle "EXT 2014"]
[Source "ChessBase"]
[SourceDate "2013.11.20"]
[SourceVersion "1"]
[SourceVersionDate "2013.11.20"]
[SourceQuality "1"]

1. e4 c6 2. Ne2 d6 3. d4 Nf6 4. Nbc3 b5 5. a3 a6 6. Ng3 Qc7 7. Be3 Ng4 8. Bc1 Nf6 9. Be2 e5 10. Be3 Nbd7 11. 0-0 c5 12. dxe5 dxe5 13. f4 Bb7 14. fxe5 Nxe5 15. Bg5 Ned7 16. Bxf6 Nxf6 17. e5 Rd8 18. exf6 Rxd1 19. Raxd1 gxf6 20. Nxb5 Qb6 21. Bg4 Be7 22. Rfe1 Kf8 23. Rd7 c4+ 24. Nd4 Bc5 25. c3 Bc8 26. Rxf7+ Kxf7 27. Bh5+ Kg7 0-1

[Event "Baden-ch"]
[Site "Birkenfeld"]
[Date "2013.05.29"]
[Round "4"]
[White "Baeuschlein, Andreas"]
[Black "Braun, Ruediger Thomas"]
[Result "1/2-1/2"]
[WhiteElo "2060"]
[BlackElo "1981"]
[PlyCount "107"]
[EventDate "2013.05.26"]
[EventType "swiss"]
[EventRounds "9"]
[EventCountry "GER"]
[SourceTitle "EXT 2014"]
[Source "ChessBase"]
[SourceDate "2013.11.20"]
[SourceVersion "1"]
[SourceVersionDate "2013.11.20"]
[SourceQuality "1"]

1. b3 d5 2. Bb2 c5 3. e3 Nc6 4. f4 Nf6 5. Nf3 Bf5 6. Bb5 e6 7. 0-0 Bd6 8. Ne5 Rc8 9. h3 0-0 10. Bxc6 bxc6 11. d3 Nd7 12. Nxd7 Qxd7 13. Nd2 Bg6 14. e4 Bc7 15. Qe2 Rfd8 16. Rad1 f6 17. g4 Bf7 18. Kh1 e5 19. f5 Qe7 20. Nf3 c4 21. Bc1 cxd3 22. cxd3 Bb6 23. Be3 Qb4 24. Bd2 Qa3 25. Bc1 Qe7 26. Qg2 Rd7 27. Rde1 c5 28. g5 dxe4 29. dxe4 c4 30. gxf6 Qxf6 31. Bg5 Qd6 32. Rd1 Qxd1 33. Rxd1 Rxd1+ 34. Kh2 cxb3 35. axb3 Bxb3 36. f6 Rc2 37. Bd2 Bg1+ 38. Kg3 Be3 39. Kh4 g6 40. Qe2 g5+ 41. Nxg5 Bxg5+ 42. Kxg5 Rdxd2 43. Qb5 Rg2+ 44. Kh4 Kf7 45. Qxb3+ Kxf6 46. Qf3+ Kg7 47. Qf5 Rcf2 48. Qxe5+ Rf6 49. Qe7+ Kg6 50. Qe8+ Kh6 51. Qe5 Rgg6 52. Qh5+ Kg7 53. Qe5 a5 54. Kh5 1/2-1/2

[Event "Baden-ch"]
[Site "Birkenfeld"]
[Date "2013.05.27"]
[Round "1"]
[White "Schwing, Hans Elmar"]
[Black "Baeuschlein, Andreas"]
[Result "1-0"]
[WhiteElo "2276"]
[BlackElo "2060"]
[PlyCount "81"]
[EventDate "2013.05.26"]
[EventType "swiss"]
[EventRounds "9"]
[EventCountry "GER"]
[SourceTitle "EXT 2014"]
[Source "ChessBase"]
[SourceDate "2013.11.20"]
[SourceVersion "1"]
[SourceVersionDate "2013.11.20"]
[SourceQuality "1"]

1. d4 g6 2. e4 Bg7 3. Nf3 d6 4. c4 Bg4 5. Be2 Nc6 6. Nbd2 Nf6 7. d5 Nb8 8. 0-0 0-0 9. Re1 a5 10. h3 Bc8 11. Bf1 Nfd7 12. Rb1 c6 13. Nb3 c5 14. Bf4 f6 15. Nc1 Ne5 16. Nxe5 fxe5 17. Be3 Nd7 18. Ne2 Nf6 19. Nc3 Nh5 20. Kh2 Bd7 21. Be2 Nf4 22. Bg4 h5 23. Bxd7 Qxd7 24. Ne2 Rf7 25. Ng1 Raf8 26. g3 g5 27. gxf4 exf4 28. Bd2 g4 29. f3 Bf6 30. Rf1 g3+ 31. Kg2 Bd4 32. Bxa5 Bxg1 33. Rxg1 b5 34. a3 bxc4 35. Bc3 Rb8 36. a4 Rb3 37. a5 Rf8 38. Re1 Rfb8 39. Qd2 Qa4 40. Ra1 Qb5 41. Ra2 1-0

[Event "Hofheim Spring op-A 1st"]
[Site "Hofheim"]
[Date "2013.04.03"]
[Round "3"]
[White "Baeuschlein, Andreas"]
[Black "Humburg, Philipp"]
[Result "0-1"]
[WhiteElo "2061"]
[BlackElo "1956"]
[PlyCount "48"]
[EventDate "2013.04.02"]
[EventType "swiss"]
[EventRounds "9"]
[EventCountry "GER"]
[SourceTitle "CBM 153 Extra"]
[Source "ChessBase"]
[SourceDate "2013.04.22"]
[SourceVersion "1"]
[SourceVersionDate "2013.04.22"]
[SourceQuality "1"]

1. c4 g6 2. Nc3 Bg7 3. d4 Nf6 4. e4 d6 5. f3 0-0 6. Be3 a6 7. Qd2 Nbd7 8. Bh6 Bxh6 9. Qxh6 c5 10. d5 b5 11. h4 bxc4 12. h5 Qb6 13. 0-0-0 Rb8 14. Rd2 Ne5 15. Nh3 Bxh3 16. Rxh3 Nd3+ 17. Bxd3 cxd3 18. g4 c4 19. Rg2 Qd4 20. Nd1 Rxb2 21. Rxb2 c3 22. Rb3 c2 23. Qxf8+ Kxf8 24. Rb8+ Ne8 0-1

[Event "Hofheim Spring op-A 1st"]
[Site "Hofheim"]
[Date "2013.04.03"]
[Round "2"]
[White "Bingert, Tim Niklas"]
[Black "Baeuschlein, Andreas"]
[Result "1/2-1/2"]
[WhiteElo "1997"]
[BlackElo "2061"]
[PlyCount "104"]
[EventDate "2013.04.02"]
[EventType "swiss"]
[EventRounds "9"]
[EventCountry "GER"]
[SourceTitle "CBM 153 Extra"]
[Source "ChessBase"]
[SourceDate "2013.04.22"]
[SourceVersion "1"]
[SourceVersionDate "2013.04.22"]
[SourceQuality "1"]

1. e4 c5 2. Nf3 d6 3. d4 cxd4 4. Nxd4 Nf6 5. Nc3 g6 6. Be3 Bg7 7. f3 Nc6 8. Qd2 Bd7 9. g4 h5 10. g5 Nh7 11. 0-0-0 Nf8 12. Bc4 Ne5 13. Bb3 Rc8 14. Qe2 a6 15. f4 Nc6 16. h3 b5 17. Nxc6 Bxc6 18. Bd4 Bxd4 19. Rxd4 Ne6 20. Bxe6 fxe6 21. Rf1 Qb6 22. Qd2 Bd7 23. e5 d5 24. Qd3 Kf7 25. Nd1 Rc4 26. c3 Rhc8 27. Rxc4 bxc4 28. Qd4 Qa5 29. Kb1 Qb5 30. Rf2 Rb8 31. Ne3 Rb7 32. Rd2 Bc6 33. Rf2 a5 34. Rd2 a4 35. a3 Qb6 36. Qxb6 Rxb6 37. Nc2 Ke8 38. Nb4 Kd7 39. Kc1 Rb8 40. Rd4 Rf8 41. Kd2 Kc7 42. Ke3 Kb6 43. Rd2 Kc5 44. Nc2 Bd7 45. Nd4 Rb8 46. Rf2 Rb6 47. Nf3 Rb8 48. Nh4 Rg8 49. Ng2 Bc8 50. Ne1 Bd7 51. Nf3 Rf8 52. Nd4 Rb8 1/2-1/2

[Event "Baden-ch"]
[Site "Emmendingen"]
[Date "2012.06.06"]
[Round "3"]
[White "Baeuschlein, Andreas"]
[Black "Petermann, Michail"]
[Result "0-1"]
[WhiteElo "2056"]
[BlackElo "2236"]
[PlyCount "94"]
[EventDate "2012.06.04"]
[EventType "swiss"]
[EventRounds "9"]
[EventCountry "GER"]
[SourceTitle "CBM 148 Extra"]
[Source "ChessBase"]
[SourceDate "2012.06.22"]
[SourceVersion "1"]
[SourceVersionDate "2012.06.22"]
[SourceQuality "1"]

1. d4 d6 2. c4 e5 3. Nf3 Nd7 4. Nc3 g6 5. e3 Bg7 6. Be2 Ne7 7. 0-0 0-0 8. b3 f5 9. dxe5 dxe5 10. Bb2 e4 11. Ne1 Ne5 12. Qc2 c6 13. Rd1 Qa5 14. Na4 Re8 15. Bc3 Qc7 16. Bb4 Nf7 17. Bc3 c5 18. Bxg7 Kxg7 19. Qb2+ Kg8 20. Qf6 b6 21. Nc3 Ba6 22. Nc2 Rad8 23. Na3 Qe5 24. Qxe5 Nxe5 25. Nab5 Bxb5 26. Nxb5 N7c6 27. Nc3 Kf7 28. Nd5 Rd7 29. f4 exf3 30. gxf3 Red8 31. f4 Ng4 32. Bf3 Nf6 33. Rde1 Nb4 34. Nxb4 cxb4 35. Rf2 Rd3 36. Rc2 Nd7 37. Kf2 Nc5 38. Ree2 Ne4+ 39. Bxe4 fxe4 40. c5 Rc3 41. cxb6 axb6 42. Rxc3 bxc3 43. Rc2 Rd3 44. a4 Ke6 45. b4 Kd5 46. a5 bxa5 47. bxa5 Kc4 0-1

[Event "Baden-ch"]
[Site "Emmendingen"]
[Date "2012.06.05"]
[Round "2"]
[White "Goerg, Joachim"]
[Black "Baeuschlein, Andreas"]
[Result "1/2-1/2"]
[WhiteElo "2140"]
[BlackElo "2056"]
[PlyCount "119"]
[EventDate "2012.06.04"]
[EventType "swiss"]
[EventRounds "9"]
[EventCountry "GER"]
[SourceTitle "CBM 148 Extra"]
[Source "ChessBase"]
[SourceDate "2012.06.22"]
[SourceVersion "1"]
[SourceVersionDate "2012.06.22"]
[SourceQuality "1"]

1. e4 c6 2. d4 d5 3. e5 Bf5 4. h4 h5 5. c4 dxc4 6. Bxc4 e6 7. Nc3 Nd7 8. Nf3 Nb6 9. Bb3 Ne7 10. Bg5 Qd7 11. 0-0 Ned5 12. a4 a5 13. Qe2 Nb4 14. Rfd1 N6d5 15. Ne4 Bxe4 16. Qxe4 Be7 17. Rac1 0-0-0 18. Bxe7 Qxe7 19. Ng5 b6 20. Qe2 Kb7 21. g3 Ka7 22. Ne4 f5 23. Ng5 f4 24. Qe4 Rdf8 25. Rf1 Rf5 26. Bxd5 cxd5 27. Qe2 g6 28. Rc3 fxg3 29. fxg3 Rxf1+ 30. Qxf1 Rf8 31. Qc1 Kb7 32. Rc7+ Qxc7 33. Qxc7+ Kxc7 34. Nxe6+ Kc6 35. Nxf8 Nc2 36. Nxg6 Nxd4 37. Kf2 Kc5 38. Nf4 Nc6 39. Nxh5 Nxe5 40. Nf4 d4 41. h5 Kb4 42. Ke2 Kxa4 43. h6 Kb3 44. h7 Nf7 45. Nd3 Kc2 46. g4 Nh8 47. g5 a4 48. Ne5 b5 49. g6 Nxg6 50. Nxg6 d3+ 51. Ke3 d2 52. h8Q d1Q 53. Qc3+ Kb1 54. Ne5 Qg1+ 55. Kd3 Qg3+ 56. Kd2 Qf2+ 57. Kd3 Qxb2 58. Nc6 Qxc3+ 59. Kxc3 a3 60. Nb4 1/2-1/2

[Event "Baden-ch"]
[Site "Haslach im Kinzigtal"]
[Date "2010.06.05"]
[Round "8"]
[White "Baeuschlein, Andreas"]
[Black "Fien, Andreas"]
[Result "1/2-1/2"]
[WhiteElo "2062"]
[BlackElo "1979"]
[PlyCount "25"]
[EventDate "2010.05.31"]
[EventType "swiss"]
[EventRounds "9"]
[EventCountry "GER"]
[SourceTitle "EXT 2011"]
[Source "ChessBase"]
[SourceDate "2010.11.26"]
[SourceVersion "1"]
[SourceVersionDate "2010.11.26"]
[SourceQuality "1"]

1. b3 d5 2. Bb2 Nc6 3. e3 Nf6 4. f4 Bf5 5. Nf3 a6 6. Be2 g6 7. 0-0 Bg7 8. Kh1 Qd7 9. Ne5 Qe6 10. Nxc6 Qxc6 11. d3 h5 12. Bf3 0-0-0 13. Qe2 1/2-1/2

[Event "Baden-ch op"]
[Site "Badenweiler"]
[Date "2009.07.06"]
[Round "9"]
[White "Bauer, Andreas"]
[Black "Baeuschlein, Andreas"]
[Result "1/2-1/2"]
[WhiteElo "2046"]
[BlackElo "2059"]
[PlyCount "67"]
[EventDate "2009.06.01"]
[EventType "swiss"]
[EventRounds "9"]
[EventCountry "GER"]
[SourceTitle "EXT 2010"]
[Source "ChessBase"]
[SourceDate "2010.11.25"]
[SourceVersion "1"]
[SourceVersionDate "2010.11.25"]
[SourceQuality "1"]

1. e4 c5 2. Nc3 Nc6 3. Bb5 Nd4 4. Bc4 e6 5. Nge2 Nc6 6. d3 d6 7. a4 g6 8. d4 cxd4 9. Nxd4 Bg7 10. Ndb5 Bf8 11. Bf4 Ne5 12. Qd4 f6 13. 0-0-0 a6 14. Bxe5 fxe5 15. Nxd6+ Bxd6 16. Qxd6 Qxd6 17. Rxd6 Ke7 18. Rhd1 Nf6 19. f3 Bd7 20. a5 Rac8 21. b3 Rc5 22. Kb2 Rc7 23. Ka3 Ne8 24. R6d2 Nf6 25. Kb4 Rhc8 26. Na2 Rb8 27. Nc1 Rbc8 28. Nd3 Rb8 29. Nxe5 Bc8 30. Nd3 b6 31. axb6 Rxb6+ 32. Ka3 a5 33. Kb2 Rxc4 34. Ra1 1/2-1/2

[Event "Baden-ch MA"]
[Site "Eppingen"]
[Date "2004.04.16"]
[Round "10"]
[White "Feiguelman, Boris"]
[Black "Baeuschlein, Andreas"]
[Result "1/2-1/2"]
[WhiteElo "2132"]
[BlackElo "2125"]
[PlyCount "81"]
[EventDate "2004.04.??"]
[EventType "swiss"]
[EventRounds "11"]
[EventCountry "GER"]
[SourceTitle "EXT 2005"]
[Source "ChessBase"]
[SourceDate "2004.11.15"]
[SourceVersion "1"]
[SourceVersionDate "2004.11.15"]
[SourceQuality "1"]

1. Nf3 d5 2. g3 c5 3. Bg2 Nc6 4. d4 cxd4 5. Nxd4 e5 6. Nxc6 bxc6 7. c4 Bb4+ 8. Bd2 Bxd2+ 9. Qxd2 Nf6 10. Nc3 e4 11. Rd1 Be6 12. cxd5 cxd5 13. Qg5 0-0 14. 0-0 Qb6 15. Rd2 Rab8 16. Qe3 Qxe3 17. fxe3 Rfc8 18. Rfd1 Rc4 19. a3 Kf8 20. Rc2 Rb3 21. Rd4 Rc7 22. Kf2 Rcb7 23. Nd1 Ke7 24. Rcd2 Ne8 25. g4 Kf6 26. Rxd5 Bxd5 27. Rxd5 R3b5 28. Rd4 Re5 29. Bxe4 Rb6 30. Bd3 Nd6 31. Nc3 Ke6 32. b4 Rc6 33. Na4 Rc1 34. Nc5+ Ke7 35. a4 Rh1 36. Kg2 Ra1 37. Kf2 g5 38. a5 Ra3 39. e4 Ra1 40. Kf3 f6 41. Kf2 1/2-1/2

[Event "Baden-ch MA"]
[Site "Karlsruhe"]
[Date "2003.04.19"]
[Round "3.18"]
[White "Baeuschlein, Andreas"]
[Black "Ast, Bernhard"]
[Result "1-0"]
[WhiteElo "2125"]
[BlackElo "2029"]
[PlyCount "73"]
[EventDate "2003.04.18"]
[EventType "swiss"]
[EventRounds "11"]
[EventCountry "GER"]
[SourceTitle "EXT 2004"]
[Source "ChessBase"]
[SourceDate "2003.11.25"]
[SourceVersion "1"]
[SourceVersionDate "2003.11.25"]
[SourceQuality "1"]

1. c4 Nf6 2. Nc3 e6 3. Nf3 d5 4. d4 Bb4 5. Qb3 Nc6 6. e3 Ne4 7. Bd3 0-0 8. Bxe4 dxe4 9. Nd2 f5 10. Ne2 Kh8 11. a3 Be7 12. g3 b6 13. h4 Bf6 14. h5 Ne7 15. Nf4 e5 16. dxe5 Bxe5 17. Nf1 Rf6 18. Bd2 Ba6 19. Bc3 Bxc3+ 20. Qxc3 h6 21. g4 fxg4 22. Ng3 Bb7 23. Rd1 Qe8 24. Qe5 Nf5 25. Qxc7 Rf7 26. Ng6+ Kh7 27. Qe5 Qxe5 28. Nxe5 Nxg3 29. fxg3 Rc7 30. Rd4 b5 31. 0-0 bxc4 32. Rc1 Rac8 33. Ng6 Rf7 34. Rcxc4 Rxc4 35. Rxc4 Ba6 36. Rd4 Bd3 37. Rd8 1-0